Π+Π=Δ : νέα τέχνη από τις δεκαετίες του '70 και του '80 : επιλογές από το "Δεσμό" = P+P=D : new art from the 70's and 80's : selections from "Desmos"

Saved in:
Bibliographic Details
Corporate Author: Αίθουσα Τέχνης Δεσμός
Other Authors: Τζιρτζιλάκης, Γιώργος (Editor)
Format: Book
Language:Greek
English
Published: Αθήνα : Ίδρυμα ΔΕΣΤΕ : σε συνεργασία με τις εκδόσεις Futura, c1999.
Subjects:
Tags: Add Tag
No Tags, Be the first to tag this record!

MARC

LEADER 00000cam a2200000 a 4500
001 1/121323
008 200507s1999####gr | ||| |||| ||gre||
020 |a 9607980069 
040 |a GR-MyUa  |b gre  |c GR-MyUa  |e AACR2 
041 0 |a gre  |a eng 
082 7 |a 707.4   |2 (23) 
245 0 0 |a Π+Π=Δ :   |b νέα τέχνη από τις δεκαετίες του '70 και του '80 : επιλογές από το "Δεσμό" = P+P=D : new art from the 70's and 80's : selections from "Desmos" /   |c επιμέλεια Γιώργος Τζιρτζιλάκης. 
246 1 |i Παράλληλος τίτλος:   |a P+P=D :   |b new art from the 70's and 80's 
260 |a Αθήνα :   |b Ίδρυμα ΔΕΣΤΕ :   |b σε συνεργασία με τις εκδόσεις Futura,   |c c1999. 
300 |a 160 σ. :   |b εικ. ;   |c 27 εκ. 
500 |a Το βιβλίο εκδόθηκε με την ευκαιρία της έκθεσης που πραγματοποιήθηκε στο Κέντρο Σύγχρονης Τέχνης του Ιδρύματος ΔΕΣΤΕ, 31 Μαρ.-30 Μαΐ. 1999. 
650 0 |a Art, Greek  |y 20th century  |x Exhibitions. 
700 1 |a Τζιρτζιλάκης, Γιώργος,  |e edt 
710 2 |a Αίθουσα Τέχνης Δεσμός. 
852 |a INST  |b SYROS  |e 20200507  |h 707.4 Π  |p 005500014958  |q 005500014958  |t BK  |y 0 
920 |a ΑΣΚΤ  |b Βιβλιοθήκη  |y Σύρος  |z 2019-07 
970 |a Κοντού  |b Παρασκευή  |z 07/05/2020